| 000 | 00873nam a2200277 a 4500 | ||
|---|---|---|---|
| 005 | 20191224041529.0 | ||
| 008 | 140220b1993 ck ||||| |||| 00| 0 spa d | ||
| 040 |
_aCO-BoIAVH _cCO-BoIAVH |
||
| 041 | _aspa | ||
| 044 | _ack | ||
| 090 |
_aLB _b00412 |
||
| 100 |
_aKraemer, Manfred _97735 |
||
| 245 | _aEstructura dinámica de las interrelaciones mutualísticas entre plantas fanerógamas y colibríes en un bosque muy húmedo de la región del Chocó, Colombia | ||
| 260 |
_aBogotá _bMinambiente _c1993 |
||
| 300 | _a13 p. | ||
| 650 |
_aInteracción ecológica _93589 |
||
| 650 |
_aFanerógamas _97736 |
||
| 650 |
_aMutualismo _97737 |
||
| 650 |
_aColibríes _97738 |
||
| 650 |
_aBosque húmedo tropical _93501 |
||
| 650 |
_aFenología _942394 |
||
| 650 |
_aPolinización _942395 |
||
| 650 |
_aInventarios _992201 |
||
| 662 |
_aColombia _bChocó |
||
| 942 |
_cINFORME _2z |
||
| 999 |
_c431 _d431 |
||